00235 a2200109 4500001000700000020000600007040001100013100001700024240004000041245003500081362000900116181688 a  cMagnum aPires, Celia10aMatematica no planeta azul/v.4lpor10aMatematica no planeta azul/v.40 a1899